\

Contemporary security studies / (Record no. 30507)

MARC details
000 -LEADER
fixed length control field 02064cam a22003255i 4500
001 - CONTROL NUMBER
control field 24136085
005 - DATE AND TIME OF LATEST TRANSACTION
control field 20260328162655.0
008 - FIXED-LENGTH DATA ELEMENTS--GENERAL INFORMATION
fixed length control field 250402s2025 nyu 000 0 eng
020 ## - INTERNATIONAL STANDARD BOOK NUMBER
International Standard Book Number 9780198895442
035 ## - SYSTEM CONTROL NUMBER
System control number 24136085
040 ## - CATALOGING SOURCE
Original cataloging agency DLC
Language of cataloging eng
Description conventions rda
Transcribing agency DLC
041 ## - LANGUAGE CODE
Language code of text/sound track or separate title eng
050 ## - LIBRARY OF CONGRESS CALL NUMBER
Classification number JZ5588
Item number .C675 2022
100 1# - MAIN ENTRY--PERSONAL NAME
Personal name Collins, Alan,
245 10 - TITLE STATEMENT
Title Contemporary security studies /
Statement of responsibility, etc. edited by Alan Collins.
250 ## - EDITION STATEMENT
Edition statement Seventh edition.
264 #1 - PRODUCTION, PUBLICATION, DISTRIBUTION, MANUFACTURE, AND COPYRIGHT NOTICE
Place of production, publication, distribution, manufacture New York :
Name of producer, publisher, distributor, manufacturer Oxford University Press,
Date of production, publication, distribution, manufacture, or copyright notice 2022.
300 ## - PHYSICAL DESCRIPTION
Extent 556 pages:
Other physical details illustrations;
Dimensions 24.5 cm.
336 ## - CONTENT TYPE
Content type term text
Content type code txt
Source rdacontent
337 ## - MEDIA TYPE
Media type term unmediated
Media type code n
Source rdamedia
338 ## - CARRIER TYPE
Carrier type term volume
Carrier type code nc
Source rdacarrier
504 ## - BIBLIOGRAPHY, ETC. NOTE
Bibliography, etc. note Includes bibliographical references and index.
520 ## - SUMMARY, ETC.
Summary, etc. "Contemporary Security Studies focuses on key theoretical approaches and the critical issues shaping todays global security landscape. It offers a uniquely engaging introduction to security studies, addressing key theories and contemporary issues in the field. The book is made up of three parts. The first part looks at approaches to security. It has chapters on topics such as realism, liberalism, historical materialism, peace studies, and social constructivism. There are also chapters covering secularization theory and critical studies. This part of the book provides further analysis on gender, postcolonialism, human and nonhuman security, and popular culture. The second part delves deeper into security studies by examining such topics as military, regional, and societal security. It also looks at environmental and economic security, and globalization and development. The third part is about traditional and non-traditional forms of security. This final part examines weapons of mass destruction, terrorism, energy, health, cyber security, and the future of security studies"--
Assigning source Provided by publisher.
650 #0 - SUBJECT ADDED ENTRY--TOPICAL TERM
Topical term or geographic name entry element Security, International.
650 #0 - SUBJECT ADDED ENTRY--TOPICAL TERM
Topical term or geographic name entry element National security.
650 #0 - SUBJECT ADDED ENTRY--TOPICAL TERM
Topical term or geographic name entry element International relations.
650 #0 - SUBJECT ADDED ENTRY--TOPICAL TERM
Topical term or geographic name entry element Security studies
942 ## - ADDED ENTRY ELEMENTS (KOHA)
Source of classification or shelving scheme Library of Congress Classification
Koha item type Books
Suppress in OPAC No
Holdings
Withdrawn status Lost status Source of classification or shelving scheme Damaged status Not for loan Collection Home library Current library Date acquired Total checkouts Full call number Barcode Date last seen Copy number Price effective from Koha item type
    Library of Congress Classification     College of Security and Global Studies (CSGS) MAIN MAIN 03/28/2026   JZ5588 .C675 2022 (C.1) 00000118 03/28/2026 1 03/28/2026 Books
    Library of Congress Classification     College of Security and Global Studies (CSGS) MAIN MAIN 03/28/2026   JZ5588 .C675 2022 (C.2) 00000119 03/28/2026 2 03/28/2026 Books
    Library of Congress Classification     College of Security and Global Studies (CSGS) MAIN MAIN 03/28/2026   JZ5588 .C675 2022 (C.3) 00000120 03/28/2026 3 03/28/2026 Books